000 00527nam a22001457a 4500
003 0
005 20221008085638.0
008 221008b xxu||||| |||| 00| 0 eng d
050 _aJK723
_b.T65 2022
245 _aEnduring professional values of healthcare workers in the frontlines of the covid-19 pandeminc
_cShyra Marie F. Tolo
260 _aLas Pinas City, Philippines
_bSouthville International School and Colleges
_cC2022
300 _avii,127pp.
_c28cm.
_fTheses
500 _aValues of healthcare workers.
942 _2lcc
_cTH
999 _c364842
_d364842